من الأخلاق الصورية إلي الأخلاق الإجتماعية : (رقم التسجيلة. 179471)

تفاصيل مارك
000 -LEADER
fixed length control field 04516namaa22004211i 4500
003 - CONTROL NUMBER IDENTIFIER
control field OSt
005 - أخر تعامل مع التسجيلة
control field 20260418144632.0
008 - FIXED-LENGTH DATA ELEMENTS--GENERAL INFORMATION
fixed length control field 250827s2025 ua a|||frm||| 000 0 eng d
040 ## - CATALOGING SOURCE
Original cataloguing agency EG-GICUC
Language of cataloging ara
Transcribing agency EG-GICUC
Modifying agency EG-GICUC
Description conventions rda
041 0# - LANGUAGE CODE
Language code of text/sound track or separate title ara
Language code of summary or abstract ara
-- eng
049 ## - Acquisition Source
Acquisition Source إيداع
082 04 - DEWEY DECIMAL CLASSIFICATION NUMBER
Classification number 170
092 ## - LOCALLY ASSIGNED DEWEY CALL NUMBER (OCLC)
Classification number 170
Edition number 21
097 ## - Degree
Degree مــــاجستير
099 ## - LOCAL FREE-TEXT CALL NUMBER (OCLC)
Local Call Number Cai01.02.05.M.A.2025.نو.م
100 0# - MAIN ENTRY--PERSONAL NAME
Authority record control number or standard number ،نوران خالد عبد المنعم محمد
Preparation إعداد.
245 10 - TITLE STATEMENT
Title من الأخلاق الصورية إلي الأخلاق الإجتماعية :
Remainder of title دراسة في مبادئ فلسفة الحق عند هيجل /
Statement of responsibility, etc. إعداد نوران خالد عبد المنعم محمد؛ إشراف أ.د. أحمد عبد الحليم عطية.
246 15 - VARYING FORM OF TITLE
Title proper/short title From formal ethics to social ethics :
Remainder of title A study in the principles of hegel’s philosophy of right /
264 #0 - PRODUCTION, PUBLICATION, DISTRIBUTION, MANUFACTURE, AND COPYRIGHT NOTICE
Date of production, publication, distribution, manufacture, or copyright notice 2025.
300 ## - PHYSICAL DESCRIPTION
Extent 188 صفحة :
Other physical details إيضاحيات ؛
Dimensions 25 سم. +
Accompanying material CD.
336 ## - CONTENT TYPE
Content type term text
Source rda content
337 ## - MEDIA TYPE
Media type term Unmediated
Source rdamedia
338 ## - CARRIER TYPE
Carrier type term volume
Source rdacarrier
502 ## - DISSERTATION NOTE
Dissertation note أطروحة (ماجستير)-جامعة القاهرة، 2025.
504 ## - BIBLIOGRAPHY, ETC. NOTE
Bibliography, etc. note ببليوجرافيا: صفحات 177-183.
520 ## - SUMMARY, ETC.
Summary, etc. تسعى هذه الرسالة إلى دراسة تطور النظرية الأخلاقية عند هيجل، من الأخلاق الصورية التي تتمثل في التصورات الفردية المجردة، إلى الأخلاق الاجتماعية التي تتجلى في المؤسسات القانونية والسياسية والاجتماعية. تنطلق الدراسة من تتبع تأثر هيجل بالفكر الأخلاقي اليوناني، خاصة في مأساة أنتيجون، وتنتقل إلى تحليله ونقده للأخلاق الكانطية التي يراها شكلية ومنفصلة عن الواقع الملموس. كما تبحث الرسالة في التحولات التي طرأت على تصور هيجل للأخلاق في كتاباته اللاهوتية المبكرة وفي فينومينولوجيا الروح، حيث تُفهم الأخلاق كعملية جدلية لنمو الوعي الذاتي نحو الحرية. وتتوّج الدراسة في كتاب مبادئ فلسفة الحق الذي يعرض فيه هيجل رؤيته للأخلاق باعتبارها جزءًا من البنية الكلية للحق، حيث تتحقق الحرية ضمن مؤسسات الأسرة، والمجتمع المدني، والدولة. وتهدف الرسالة إلى إظهار كيف تجاوز هيجل الطابع الفردي والذاتي للأخلاق نحو تأسيسها على العقلانية والواقع الاجتماعي والسياسي
520 ## - SUMMARY, ETC.
Summary, etc. This thesis explores the development of Hegel’s ethical theory, tracing the transition from formal, abstract morality to socially embodied ethics within legal, political, and institutional frameworks. The study begins by examining Hegel’s engagement with Greek ethical thought, particularly the tragedy of Antigone, and moves to his critical analysis of Kantian morality, which he regards as overly formal and detached from concrete reality. It then investigates the evolution of Hegel’s ethical thinking in his early theological writings and in the Phenomenology of Spirit, where ethics is viewed as a dialectical process of self-consciousness unfolding toward freedom. The study culminates in an analysis of The Philosophy of Right, where Hegel articulates ethics as a component of the rational structure of right, achieved through the institutions of family, civil society, and the state. The thesis demonstrates how Hegel overcomes the limitations of subjective morality by grounding ethics in rational, social, and political reality
530 ## - ADDITIONAL PHYSICAL FORM AVAILABLE NOTE
Issues CD صدر أيضًا كقرص مدمج.
546 ## - LANGUAGE NOTE
Text Language النص بالعربية والملخص باللغة الإنجليزية والعربية.
650 #7 - SUBJECT ADDED ENTRY--TOPICAL TERM
Topical term or geographic name entry element علم الاخلاق
Source of heading or term qrmak
650 #7 - SUBJECT ADDED ENTRY--TOPICAL TERM
Topical term or geographic name entry element الفلسفة الغربية
653 #0 - INDEX TERM--UNCONTROLLED
Uncontrolled term الأخلاق الصورية
-- الأخلاق الاجتماعية
-- الحق المجرد
700 0# - ADDED ENTRY--PERSONAL NAME
Personal name أحمد عبد الحليم عطية
Relator term مشرف أطروحة.
900 ## - Thesis Information
Grant date 20-04-2025
Supervisory body أحمد عبد الحليم عطية
Universities جامعة القاهرة
Faculties كلية الآداب
Department قسم الفلسفة
905 ## - Cataloger and Reviser Names
Cataloger Name Sara Salah
Reviser Names Afaf
942 ## - ADDED ENTRY ELEMENTS (KOHA)
Source of classification or shelving scheme Dewey Decimal Classification
Koha item type Thesis
Edition 21
Suppress in OPAC No
المقتنيات
Source of classification or shelving scheme Home library Current library Date acquired Inventory number Full call number Barcode Date last seen Effective from Koha item type
Dewey Decimal Classification المكتبة المركزبة الجديدة - جامعة القاهرة قاعة الرسائل الجامعية - الدور الاول 14.04.2026 33098 Cai01.02.05.M.A.2025.نو.م 01010100033098000 14.04.2026 14.04.2026 Thesis
Cairo University Libraries Portal Implemented & Customized by: Eng. M. Mohamady Contacts: new-lib@cl.cu.edu.eg | cnul@cl.cu.edu.eg
CUCL logo CNUL logo
© All rights reserved — Cairo University Libraries
CUCL logo
Implemented & Customized by: Eng. M. Mohamady Contact: new-lib@cl.cu.edu.eg © All rights reserved — New Central Library
CNUL logo
Implemented & Customized by: Eng. M. Mohamady Contact: cnul@cl.cu.edu.eg © All rights reserved — Cairo National University Library